000 00210nam a22000977a 4500
082 _a894.812
_bRAJ/M
100 _aRAJAGURU, SAKTHIPARA
245 _aMEGHVRITHA NAKSHATRAM
650 _aMALAYALAM STORY
942 _cBK
999 _c7717
_d7717